Evolucion social / (Record no. 33638)

MARC details
000 -LEADER
fixed length control field 00702nam a22002297a 4500
005 - DATE AND TIME OF LATEST TRANSACTION
control field 20150124123847.0
008 - FIXED-LENGTH DATA ELEMENTS--GENERAL INFORMATION
fixed length control field 121010t mx ||||| |||| 00| 0 spa d
050 04 - LIBRARY OF CONGRESS CALL NUMBER
Classification number GN738
Item number C44 1964
100 1# - MAIN ENTRY--PERSONAL NAME
Personal name Gordon, Childe V.
245 10 - TITLE STATEMENT
Title Evolucion social /
Statement of responsibility, etc Childe V. Gordon, tr. Daisy Learn y Eli de Gortari
250 ## - EDITION STATEMENT
Edition statement 1a ed.
260 ## - PUBLICATION, DISTRIBUTION, ETC. (IMPRINT)
Place of publication, distribution, etc Mèxico :
Name of publisher, distributor, etc U.N.A.M.,
Date of publication, distribution, etc 1964
300 ## - PHYSICAL DESCRIPTION
Extent 185 p. :
Dimensions 22 cm.
490 ## - SERIES STATEMENT
Series statement (Problemas cientificos y filosoficos ; )
Volume number/sequential designation V. 29
504 ## - BIBLIOGRAPHY, ETC. NOTE
Bibliography, etc Incluye ìndice
650 #7 - SUBJECT ADDED ENTRY--TOPICAL TERM
Source of heading or term Lemb
Topical term or geographic name as entry element Hombre prehistorico
650 #7 - SUBJECT ADDED ENTRY--TOPICAL TERM
Source of heading or term Lemb
Topical term or geographic name as entry element Civilizacion
650 #7 - SUBJECT ADDED ENTRY--TOPICAL TERM
Source of heading or term Lemb
Topical term or geographic name as entry element Sociedad primitiva
700 1# - ADDED ENTRY--PERSONAL NAME
Personal name Learn, Daisy,
Relator term tr.
700 1# - ADDED ENTRY--PERSONAL NAME
Personal name Gortari, Eli de,
Relator term tr.
942 ## - ADDED ENTRY ELEMENTS (KOHA)
Source of classification or shelving scheme Clasificación Decimal Dewey
Koha item type Libro
Holdings
Estado de pérdida Fuente de clasificación Estado del daño No para préstamo Ubicación permanente Ubicación actual Apartado o colección Fecha de adquisición Fuente de adquisición Clasificación Código de Barras Date last seen Número de copia Tipo de recurso Nota pública
  Biblioteca del Cogreso de los Estados Unidos     Biblioteca de la Facultad de Físico Matemáticas Biblioteca de la Facultad de Físico Matemáticas General 10/10/2012   GN738 C44 1964 C:1 FFM000005907 16/01/2015 C:1 Libro Solo para Lectura